000 nam a22 a 4500
999 _c1762
_d1762
003 AKMAL
005 20170511152806.0
008 170511s1995 my 00 may d
020 _a9836244999 (kkt.):
_cRM 12.00
040 _aAKMAL
082 _a338.642095959522 IBR
090 _a338.642095959522
_bIBR
100 _aIbrahim Abu Shah,
_cDato' Seri,
_d1948-
_93637
245 1 0 _aIndustri kecil dan sederhana di Sarawak /
_cIbrahim Abu Shah ; penterjemah oleh Shamsiah Md. Said, Norlida Abd. Halim
260 _aKuala Lumpur :
_bDewan Bahasa dan Pustaka,
_c1995
300 _axxvii, 228ms. :
_bil. ;
_c21cm
504 _aBibliografi: ms. 227-228
650 _aSmall business
_zSarawak
_93638
650 _aCottage industries
_zSarawak
_93639
651 _aSarawak
_xIndustries
_93640
700 0 _aShamsiah Md. Said
_93641
700 0 _aNorlida Abdul Halim
_93642
942 _2ddc
_cBOOK